[Event "IX American Continental Classical Championship 201"]
[Site "Hotel Pipa AtlÃ¢ntico - Praia da Pipa - Rio Grande"]
[Date "2014.10.22"]
[Round "6"]
[Board "26"]
[White "Caceres Leal, Jaime"]
[Black "Pereira, Silvio Cunha"]
[Result "1-0"]
[WhiteElo "2157"]
[BlackElo "2335"]
[PlyCount "75"]
[EventDate "2014.10.18"]
[EventRounds "11"]
[EventCountry "BRA"]

1. e4 e5 2. Nf3 Nc6 3. Bb5 a6 4. Ba4 Nf6 5. Qe2 Be7 6. O-O b5 7. Bb3 O-O 8. c3
d5 9. d3 Be6 10. Rd1 d4 11. Nbd2 Nh5 12. Nf1 Nf4 13. Bxf4 exf4 14. Bxe6 fxe6
15. e5 Qd5 16. N1d2 dxc3 17. bxc3 Rad8 18. d4 Na5 19. a4 Nc4 20. Nxc4 bxc4 21.
Nd2 c5 22. dxc5 Qxc5 23. Qxc4 Qxe5 24. Re1 Qd5 25. Rxe6 Qxc4 26. Nxc4 Bf6 27.
Rxa6 Bxc3 28. Rc1 Rfe8 29. h3 Bd4 30. Rd6 Bc5 31. Rxd8 Rxd8 32. Kf1 Rd5 33. Ke2
Kf7 34. a5 Ke6 35. Rc2 g5 36. f3 Rd8 37. Nd2 Bb4 38. a6 1-0

[Event "IX American Continental Classical Championship 201"]
[Site "Hotel Pipa AtlÃ¢ntico - Praia da Pipa - Rio Grande"]
[Date "2014.10.22"]
[Round "6"]
[Board "27"]
[White "Acosta, Pablo Ismael"]
[Black "Zallio, Luciano De Souza"]
[Result "1-0"]
[WhiteElo "2300"]
[BlackElo "2150"]
[PlyCount "63"]
[EventDate "2014.10.18"]
[EventRounds "11"]
[EventCountry "BRA"]

1. c4 e5 2. g3 Nc6 3. Bg2 f5 4. Nc3 d6 5. d3 Nf6 6. Nf3 Be7 7. O-O O-O 8. d4
Qe8 9. dxe5 dxe5 10. Nd5 Bd8 11. Be3 Nxd5 12. cxd5 Nb8 13. Qb3 Kh8 14. Rac1 Nd7
15. Rfd1 a6 16. Bd2 Rb8 17. Ng5 Bxg5 18. Bxg5 f4 19. Qa3 Rf7 20. d6 cxd6 21.
Qxd6 h6 22. Bh4 Qf8 23. Bd8 Ra8 24. Bc7 Qe8 25. Qb4 Qe7 26. Qxe7 Rxe7 27. Bh3
fxg3 28. hxg3 Nf6 29. Bd8 Bxh3 30. Bxe7 Be6 31. Bxf6 gxf6 32. b3 1-0

[Event "IX American Continental Classical Championship 201"]
[Site "Hotel Pipa AtlÃ¢ntico - Praia da Pipa - Rio Grande"]
[Date "2014.10.22"]
[Round "6"]
[Board "28"]
[White "Mafra, Kaiser Luiz"]
[Black "Alarcon Bahamondes, Roberto"]
[Result "1-0"]
[WhiteElo "2148"]
[BlackElo "2276"]
[PlyCount "63"]
[EventDate "2014.10.18"]
[EventRounds "11"]
[EventCountry "BRA"]

1. e4 c6 2. d4 d5 3. Nc3 dxe4 4. Nxe4 Nd7 5. Ng5 Ngf6 6. Bd3 e6 7. Qe2 Bd6 8.
N1f3 h6 9. Ne4 Nxe4 10. Qxe4 Nf6 11. Qe2 Qc7 12. Bd2 b6 13. Ne5 Bb7 14. f4 c5
15. dxc5 bxc5 16. Bb5+ Ke7 17. O-O-O Rhd8 18. Rhf1 Kf8 19. Nc4 Bd5 20. f5 Bxh2
21. fxe6 Bxe6 22. Rxf6 gxf6 23. Bxh6+ Ke7 24. Rf1 Rg8 25. Ne3 Qe5 26. Rf5 Bxf5
27. Nxf5+ Ke6 28. Bc4+ Kd7 29. Qd2+ Kc8 30. Ba6+ Kb8 31. g3 Bxg3 32. Nxg3 1-0

[Event "IX American Continental Classical Championship 201"]
[Site "Hotel Pipa AtlÃ¢ntico - Praia da Pipa - Rio Grande"]
[Date "2014.10.22"]
[Round "6"]
[Board "29"]
[White "Sztokbant, Bernardo Vainzoff"]
[Black "Caceres Vasquez, Sergio"]
[Result "1-0"]
[WhiteElo "2271"]
[BlackElo "2138"]
[PlyCount "115"]
[EventDate "2014.10.18"]
[EventRounds "11"]
[EventCountry "BRA"]

1. e4 e6 2. d4 d5 3. Nc3 Nf6 4. e5 Nfd7 5. f4 c5 6. Nf3 Nc6 7. Be3 a6 8. Qd2 b5
9. Nd1 b4 10. c4 bxc3 11. Nxc3 f6 12. exf6 gxf6 13. dxc5 Bxc5 14. O-O-O Qb6 15.
Nd4 Bxd4 16. Bxd4 Qxd4 17. Qxd4 Nxd4 18. Rxd4 f5 19. Bd3 Nf6 20. Re1 Kf7 21.
Rb4 a5 22. Rb6 Bd7 23. Ne2 Rhb8 24. Rxb8 Rxb8 25. a3 Ne4 26. Nd4 a4 27. Re2
Rc8+ 28. Rc2 Rxc2+ 29. Kxc2 Ke7 30. b4 axb3+ 31. Kxb3 Nc5+ 32. Kc3 Nxd3 33.
Kxd3 Kd6 34. Nf3 Kc5 35. h3 Bb5+ 36. Ke3 h5 37. Nd4 Bd7 38. Kd3 Bc8 39. Kc3 Bd7
40. g3 Kd6 41. Nf3 Kc5 42. h4 Bb5 43. Nd4 Bd7 44. Nb3+ Kb6 45. Kb4 Bc8 46. Nd4
Bd7 47. a4 Bc8 48. a5+ Kb7 49. Kc5 Ka6 50. Nb3 Bd7 51. Kd6 Ba4 52. Nc5+ Kxa5
53. Kxe6 d4 54. Ke5 Bc2 55. Kxd4 Kb6 56. Ne6 Kc6 57. Ke5 Kd7 58. Nd4 1-0

[Event "IX American Continental Classical Championship 201"]
[Site "Hotel Pipa AtlÃ¢ntico - Praia da Pipa - Rio Grande"]
[Date "2014.10.22"]
[Round "6"]
[Board "30"]
[White "Palacio, Igor Da Paz"]
[Black "Feliciano Ebert, Vanessa"]
[Result "0-1"]
[WhiteElo "2130"]
[BlackElo "2252"]
[PlyCount "122"]
[EventDate "2014.10.18"]
[EventRounds "11"]
[EventCountry "BRA"]

1. d4 Nf6 2. Nf3 e6 3. c4 Bb4+ 4. Bd2 a5 5. Qc2 d6 6. Nc3 Nbd7 7. a3 Bxc3 8.
Bxc3 b6 9. e3 Bb7 10. Be2 a4 11. O-O O-O 12. Rfd1 Be4 13. Bd3 Bxd3 14. Rxd3 Qe7
15. b3 axb3 16. Qxb3 Ne4 17. Bb4 f5 18. Nd2 Qh4 19. g3 Qh3 20. f3 Nxg3 21. hxg3
Qxg3+ 22. Kf1 Rf6 23. Rb1 e5 24. c5+ Kh8 25. c6 e4 26. cxd7 exd3 27. Qxd3 Rd8
28. Ke2 Rxd7 29. Rf1 Rd8 30. Rf2 Rff8 31. d5 Rde8 32. Bc3 Re7 33. Nf1 Qg5 34.
Bd2 Rfe8 35. Rh2 Qg6 36. Bc3 Kg8 37. Kf2 Qg5 38. Bd2 h6 39. Qd4 Rf7 40. Qh4
Qxh4+ 41. Rxh4 Kh7 42. Bc3 g5 43. Rh1 Kg6 44. Ng3 f4 45. Ne4 Ref8 46. Nd2 fxe3+
47. Kxe3 h5 48. Rg1 Rf4 49. Bb2 h4 50. Rc1 R8f7 51. Rc3 g4 52. fxg4 h3 53. Rc1
Rxg4 54. Rh1 Rg3+ 55. Ke4 Kg5 56. Rf1 Rg4+ 57. Ke3 Rxf1 58. Nxf1 Rg2 59. Bc1
Kg4 60. Bd2 h2 61. Nxh2+ Rxh2 0-1

[Event "IX American Continental Classical Championship 201"]
[Site "Hotel Pipa AtlÃ¢ntico - Praia da Pipa - Rio Grande"]
[Date "2014.10.22"]
[Round "6"]
[Board "31"]
[White "Teixeira, Ricardo Da Silva"]
[Black "Souza, Rafael Cabral De"]
[Result "1/2-1/2"]
[WhiteElo "2220"]
[BlackElo "2138"]
[PlyCount "96"]
[EventDate "2014.10.18"]
[EventRounds "11"]
[EventCountry "BRA"]

1. c4 Nf6 2. Nc3 c5 3. Nf3 g6 4. g3 Bg7 5. Bg2 Nc6 6. O-O O-O 7. d4 cxd4 8.
Nxd4 Ng4 9. Nxc6 bxc6 10. Qc2 Qa5 11. Bd2 Qh5 12. h3 Ne5 13. g4 Qh4 14. Ne4 f6
15. f4 Nf7 16. Be1 Qh6 17. Qd2 Bh8 18. Rd1 Rb8 19. b3 f5 20. Ng3 Nd6 21. g5 Qg7
22. Bf2 a6 23. h4 Re8 24. h5 Qc3 25. hxg6 hxg6 26. Qxc3 Bxc3 27. Rd3 Bg7 28. e4
fxe4 29. Nxe4 Nf5 30. Ng3 Nd6 31. c5 Nf5 32. Nxf5 gxf5 33. Bh3 e6 34. Rfd1 a5
35. Be1 Rb5 36. Rc1 Bf8 37. Bf2 Rb4 38. Rd4 Rxd4 39. Bxd4 Bg7 40. Bxg7 Kxg7 41.
Rc4 Rh8 42. Bg2 Rh4 43. Bf3 e5 44. fxe5 Rxc4 45. bxc4 Kg6 46. Kf2 Kxg5 47. Ke3
Bb7 48. a3 Bc8 1/2-1/2

[Event "IX American Continental Classical Championship 201"]
[Site "Hotel Pipa AtlÃ¢ntico - Praia da Pipa - Rio Grande"]
[Date "2014.10.22"]
[Round "6"]
[Board "32"]
[White "Santos, Anderson Guerra Dos"]
[Black "Sega, Carlos Alberto"]
[Result "1/2-1/2"]
[WhiteElo "2119"]
[BlackElo "2218"]
[PlyCount "70"]
[EventDate "2014.10.18"]
[EventRounds "11"]
[EventCountry "BRA"]

1. e4 e5 2. Nf3 Nc6 3. Bb5 a6 4. Bxc6 dxc6 5. O-O Qf6 6. d4 exd4 7. Qxd4 Bg4 8.
Bg5 Qd6 9. Nbd2 Qxd4 10. Nxd4 f6 11. Be3 O-O-O 12. f3 Bd7 13. Nc4 Bc5 14. Nb3
Bxe3+ 15. Nxe3 b6 16. c4 Ne7 17. c5 Be6 18. Rfd1 Rxd1+ 19. Rxd1 Rd8 20. Rxd8+
Kxd8 21. Nc1 Ng6 22. Nf5 Bxf5 23. exf5 Nh4 24. Kf2 Nxf5 25. Nd3 Kd7 26. g4 Ne7
27. Ke3 a5 28. Ke4 g6 29. f4 Nd5 30. h4 Ke6 31. f5+ gxf5+ 32. gxf5+ Kf7 33. Nf4
Nxf4 34. Kxf4 h5 35. Ke4 Ke7 1/2-1/2

[Event "IX American Continental Classical Championship 201"]
[Site "Hotel Pipa AtlÃ¢ntico - Praia da Pipa - Rio Grande"]
[Date "2014.10.22"]
[Round "6"]
[Board "33"]
[White "Fernandez, Maria Florencia"]
[Black "Martinez, Ayelen"]
[Result "0-1"]
[WhiteElo "2218"]
[BlackElo "2120"]
[PlyCount "88"]
[EventDate "2014.10.18"]
[EventRounds "11"]
[EventCountry "BRA"]

1. d4 g6 2. c4 Bg7 3. e4 c5 4. d5 d6 5. Nc3 e6 6. f4 exd5 7. cxd5 Qh4+ 8. g3
Qe7 9. Bg2 Nf6 10. Nge2 Nbd7 11. O-O O-O 12. a4 a6 13. h3 Rb8 14. g4 b5 15.
axb5 axb5 16. Ng3 b4 17. Nce2 Nb6 18. g5 Ne8 19. f5 f6 20. Nf4 fxg5 21. Ne6
Bxe6 22. fxe6 Bd4+ 23. Kh1 Ng7 24. Qe2 Be5 25. Qd3 g4 26. Bh6 gxh3 27. Rxf8+
Rxf8 28. Bf1 Bxb2 29. Ra6 Nc8 30. Ra8 Qf6 31. Bxg7 Kxg7 32. Bxh3 Be5 33. Ra2
Qf3+ 34. Qxf3 Rxf3 35. Ra8 Rxg3 36. Rxc8 Rxh3+ 37. Kg2 Rh2+ 38. Kf3 Bf6 39. e5
dxe5 40. d6 e4+ 41. Kf4 g5+ 42. Kf5 Rf2+ 43. Kg4 h5+ 44. Kg3 Rd2 0-1

[Event "IX American Continental Classical Championship 201"]
[Site "Hotel Pipa AtlÃ¢ntico - Praia da Pipa - Rio Grande"]
[Date "2014.10.22"]
[Round "6"]
[Board "34"]
[White "Souza, Marcos Valerio A."]
[Black "Cruz, William Ferreira Da"]
[Result "0-1"]
[WhiteElo "2117"]
[BlackElo "2217"]
[PlyCount "80"]
[EventDate "2014.10.18"]
[EventRounds "11"]
[EventCountry "BRA"]

1. d4 Nf6 2. c4 g6 3. Nc3 Bg7 4. e4 d6 5. f3 O-O 6. Be3 b6 7. Qd2 c5 8. d5 e6
9. O-O-O exd5 10. Nxd5 Nc6 11. Nxf6+ Qxf6 12. Bg5 Qd4 13. Be3 Qxd2+ 14. Rxd2
Be6 15. f4 Rad8 16. Nf3 f5 17. Ng5 Bc8 18. exf5 Bxf5 19. Bd3 Bxd3 20. Rxd3 Nb4
21. Ra3 Rfe8 22. Re1 d5 23. Bd2 dxc4 24. Rxe8+ Rxe8 25. Bxb4 cxb4 26. Rxa7 h6
27. Nf3 Re2 28. Ne5 Bxe5 29. fxe5 Rxg2 30. Ra6 b5 31. h4 c3 32. bxc3 bxc3 33.
Rc6 b4 34. Rb6 Rg4 35. h5 gxh5 36. Rxh6 h4 37. e6 Kf8 38. Kc2 Rg2+ 39. Kd3 c2
40. e7+ Kxe7 0-1

[Event "IX American Continental Classical Championship 201"]
[Site "Hotel Pipa AtlÃ¢ntico - Praia da Pipa - Rio Grande"]
[Date "2014.10.22"]
[Round "6"]
[Board "35"]
[White "Ramos, Angelo Bil"]
[Black "Mesias Rojas, Rabindranath"]
[Result "0-1"]
[WhiteElo "2093"]
[BlackElo "2209"]
[PlyCount "62"]
[EventDate "2014.10.18"]
[EventRounds "11"]
[EventCountry "BRA"]

1. d4 c5 2. e3 g6 3. Nf3 Bg7 4. Nbd2 Nf6 5. c3 cxd4 6. exd4 O-O 7. Bd3 b6 8.
O-O Bb7 9. Re1 d6 10. Ne4 Nbd7 11. Neg5 e5 12. dxe5 dxe5 13. Ne4 Nxe4 14. Bxe4
Bxe4 15. Rxe4 Nc5 16. Re1 Qxd1 17. Rxd1 Rfd8 18. Be3 Na4 19. Rdb1 f5 20. g3 Rd5
21. c4 Rd7 22. Rd1 Rxd1+ 23. Rxd1 Nxb2 24. Rc1 Rc8 25. Nd2 e4 26. Kg2 Nd3 27.
Rb1 Bc3 28. Nf1 Rxc4 29. Bh6 Bd4 30. Ne3 Bxe3 31. Bxe3 Ra4 0-1

[Event "IX American Continental Classical Championship 201"]
[Site "Hotel Pipa AtlÃ¢ntico - Praia da Pipa - Rio Grande"]
[Date "2014.10.22"]
[Round "6"]
[Board "37"]
[White "Hernandez Riera, Jose"]
[Black "Azevedo Junior, Jose Ferreira"]
[Result "1/2-1/2"]
[WhiteElo "2203"]
[BlackElo "2088"]
[PlyCount "104"]
[EventDate "2014.10.18"]
[EventRounds "11"]
[EventCountry "BRA"]

1. d4 d5 2. Nf3 Nf6 3. c4 c6 4. e3 g6 5. Nc3 Bg7 6. Bd3 O-O 7. O-O Re8 8. Qe2
Bg4 9. h3 Bxf3 10. Qxf3 e5 11. cxd5 cxd5 12. dxe5 Rxe5 13. Rd1 Nc6 14. b3 Re7
15. Bb2 Ne5 16. Qe2 Nxd3 17. Rxd3 Qa5 18. Rad1 Rd8 19. Qd2 Red7 20. a3 Qc5 21.
Qc1 Qe7 22. Qa1 Qe6 23. Ne2 Ne8 24. Nf4 Qc6 25. Bxg7 Nxg7 26. Qe5 Re8 27. Qb2
Red8 28. Qd2 d4 29. exd4 Qd6 30. b4 Ne6 31. Ne2 Nc7 32. Nc3 Nd5 33. Ne4 Qf4 34.
Qxf4 Nxf4 35. Nf6+ Kg7 36. Nxd7 Nxd3 37. Nc5 Nf4 38. Nxb7 Rxd4 39. Rxd4 Ne2+
40. Kh2 Nxd4 41. a4 Kf6 42. Kg3 Ke5 43. f4+ Kd5 44. Nd8 f6 45. b5 Ne2+ 46. Kf3
Nc3 47. Nc6 Nxa4 48. Nxa7 Kc5 49. g4 Nc3 50. g5 f5 51. Nc6 Nxb5 52. Ne5 Kd6
 1/2-1/2

[Event "IX American Continental Classical Championship 201"]
[Site "Hotel Pipa AtlÃ¢ntico - Praia da Pipa - Rio Grande"]
[Date "2014.10.22"]
[Round "6"]
[Board "38"]
[White "Pereira, Henry Alberto"]
[Black "Andrade, Roberto Luiz Costa"]
[Result "0-1"]
[WhiteElo "1995"]
[BlackElo "2200"]
[PlyCount "78"]
[EventDate "2014.10.18"]
[EventRounds "11"]
[EventCountry "BRA"]

1. b3 c5 2. Bb2 Nc6 3. Nf3 d5 4. e3 Bg4 5. h3 Bh5 6. Bb5 e6 7. g4 Bg6 8. Ne5
Rc8 9. Bxc6+ bxc6 10. Nxg6 hxg6 11. Nc3 Nf6 12. Qe2 Qa5 13. f3 Be7 14. Qh2 g5
15. Qe5 Nd7 16. Qg3 Bf6 17. f4 Qc7 18. O-O-O c4 19. Rdg1 cxb3 20. axb3 Nc5 21.
fxg5 Qxg3 22. Rxg3 Bxg5 23. d4 Nd7 24. Na4 f6 25. Ba3 e5 26. Kb2 exd4 27. exd4
Kf7 28. Nc5 Nxc5 29. Bxc5 a6 30. Kc3 Kg6 31. Ra1 Ra8 32. Re1 Bh4 33. Ree3 Bxg3
34. Rxg3 Rae8 35. Kb4 Re2 36. Rc3 Rb8+ 37. Ka4 Re1 38. Ba3 Ra1 39. h4 Rb5 0-1

[Event "IX American Continental Classical Championship 201"]
[Site "Hotel Pipa AtlÃ¢ntico - Praia da Pipa - Rio Grande"]
[Date "2014.10.22"]
[Round "6"]
[Board "39"]
[White "Santos Filho, Tadeu Sousa"]
[Black "Cavalcanti, Francisco De Assis"]
[Result "0-1"]
[WhiteElo "2074"]
[BlackElo "2186"]
[PlyCount "70"]
[EventDate "2014.10.18"]
[EventRounds "11"]
[EventCountry "BRA"]

1. e4 c6 2. d4 d5 3. e5 c5 4. dxc5 Nc6 5. Bb5 Qa5+ 6. Nc3 e6 7. Be3 Bd7 8. Bxc6
Bxc6 9. Qd4 Ne7 10. b4 Qc7 11. g4 Bd7 12. Nf3 a5 13. b5 h5 14. Rb1 hxg4 15.
Qxg4 Nf5 16. Na4 Nxe3 17. fxe3 Bxc5 18. Nxc5 Qxc5 19. Qd4 Qxc2 20. O-O Rc8 21.
Rbc1 Qxc1 22. Rxc1 Rxc1+ 23. Kf2 Rc2+ 24. Kg3 O-O 25. Qd3 Rfc8 26. Ng5 R8c3 27.
Qh7+ Kf8 28. Qh4 Rxe3+ 29. Nf3 Rcc3 30. Qh8+ Ke7 31. Qh4+ f6 32. exf6+ gxf6 33.
Qh7+ Kd6 34. Qh8 Rxf3+ 35. Kg4 e5+ 0-1

[Event "IX American Continental Classical Championship 201"]
[Site "Hotel Pipa AtlÃ¢ntico - Praia da Pipa - Rio Grande"]
[Date "2014.10.22"]
[Round "6"]
[Board "40"]
[White "Aliaga Fernandez, Ingrid Y"]
[Black "Okamura, Milton Kasuo"]
[Result "1-0"]
[WhiteElo "2181"]
[BlackElo "2085"]
[PlyCount "135"]
[EventDate "2014.10.18"]
[EventRounds "11"]
[EventCountry "BRA"]

1. e4 c5 2. Nf3 e6 3. c4 Nc6 4. Nc3 Nf6 5. d4 cxd4 6. Nxd4 Bb4 7. Nxc6 bxc6 8.
Bd3 e5 9. Bg5 Be7 10. Qc2 h6 11. Bh4 O-O 12. O-O Rb8 13. Be2 Qc7 14. Kh1 Rd8
15. Rad1 Bb7 16. Qc1 d6 17. f4 Nh7 18. Bg3 Bf6 19. b3 Qe7 20. f5 Bg5 21. Qa3
Be3 22. Bf2 Bxf2 23. Rxf2 a6 24. Bf3 Rd7 25. Rfd2 Rbd8 26. Qa5 Ng5 27. Bg4 Rc7
28. f6 gxf6 29. Qb6 Ne6 30. Qe3 Kg7 31. Qg3 Nd4 32. Rd3 Kh7 33. Qh4 f5 34. Qxe7
Rxe7 35. Bxf5+ Kg7 36. Rg3+ Kh8 37. Rh3 Nxf5 38. exf5 Kh7 39. Rhd3 Red7 40. Ne4
d5 41. Nc5 d4 42. Nxd7 Rxd7 43. c5 a5 44. Rg3 Ba6 45. Kg1 e4 46. Re3 Bd3 47.
Rdxd3 exd3 48. Rxd3 Kg7 49. Kf2 Kf6 50. Ke2 Kxf5 51. Rh3 Kg5 52. Kd3 f5 53.
Rg3+ Kf6 54. Rg8 Rd5 55. a3 Rxc5 56. Kxd4 Rc2 57. h3 Ra2 58. a4 Rc2 59. h4 Re2
60. h5 Re4+ 61. Kc5 Rb4 62. Rg6+ Kf7 63. Rg3 Rh4 64. Kxc6 Rxh5 65. Rf3 Ke6 66.
b4 Rh1 67. b5 Kf6 68. b6 1-0

[Event "IX American Continental Classical Championship 201"]
[Site "Hotel Pipa AtlÃ¢ntico - Praia da Pipa - Rio Grande"]
[Date "2014.10.22"]
[Round "6"]
[Board "42"]
[White "Jodorcovsky Werjivker, Paulo"]
[Black "Jorquera Cabello, Valentina"]
[Result "1-0"]
[WhiteElo "2170"]
[BlackElo "2000"]
[PlyCount "125"]
[EventDate "2014.10.18"]
[EventRounds "11"]
[EventCountry "BRA"]

1. d4 Nf6 2. Nf3 e6 3. e3 b6 4. Bd3 Bb7 5. O-O Be7 6. b3 d5 7. Bb2 O-O 8. Nbd2
c5 9. Ne5 Nbd7 10. Qf3 Re8 11. Qh3 h6 12. Rad1 Qc7 13. f4 Ne4 14. Bxe4 Nxe5 15.
Bxd5 Bxd5 16. dxe5 Qb7 17. c4 Bc6 18. Nb1 b5 19. Na3 b4 20. Nb1 Rad8 21. Qg4
Be4 22. Qe2 Qa6 23. a4 bxa3 24. Nxa3 Qb6 25. Nb5 a6 26. Nc3 Bg6 27. e4 Qxb3 28.
f5 Rxd1 29. Nxd1 Bh7 30. Rf3 Qb7 31. Nf2 Bf8 32. h3 Qb4 33. Kh2 Rd8 34. Bc3 Qb1
35. g4 Qc1 36. Kg2 h5 37. Qe3 Qxe3 38. Rxe3 hxg4 39. hxg4 g6 40. f6 Bh6 41. Rd3
Ra8 42. Kf3 a5 43. Bb2 g5 44. Ra3 a4 45. Nd3 Bf8 46. Ke3 Bg6 47. Bc3 Rb8 48.
Nb2 Rb7 49. Rxa4 Rb3 50. Nd1 Rb1 51. Ra1 Rb3 52. Kd3 Rb7 53. Nf2 Rd7+ 54. Kc2
Rd8 55. Ra7 Bh7 56. Rb7 Bg6 57. Kb3 Ra8 58. Rb5 Rd8 59. Ka4 Bh7 60. Rb7 Bg6 61.
Kb5 Bh7 62. Ba5 Rc8 63. Rd7 1-0

[Event "IX American Continental Classical Championship 201"]
[Site "Hotel Pipa AtlÃ¢ntico - Praia da Pipa - Rio Grande"]
[Date "2014.10.22"]
[Round "6"]
[Board "43"]
[White "Markzon, Gregory"]
[Black "Cabezas Rojas, Bastian"]
[Result "1/2-1/2"]
[WhiteElo "2160"]
[BlackElo "1942"]
[PlyCount "106"]
[EventDate "2014.10.18"]
[EventRounds "11"]
[EventCountry "BRA"]

1. d4 Nf6 2. c4 e6 3. Nc3 Bb4 4. e3 b6 5. Nge2 Bb7 6. a3 Be7 7. Ng3 d5 8. cxd5
Nxd5 9. Bb5+ c6 10. Bd3 Nxc3 11. bxc3 c5 12. O-O O-O 13. Rb1 Nd7 14. e4 cxd4
15. cxd4 e5 16. d5 g6 17. Bb2 Bd6 18. Qd2 Nc5 19. Bc2 Ba6 20. Rfe1 Qh4 21. Re3
f6 22. Bc1 Bc8 23. Bb2 Bd7 24. Ne2 Rae8 25. g3 Qh6 26. Re1 f5 27. exf5 gxf5 28.
f4 exf4 29. Nxf4 Rxe3 30. Rxe3 Ne4 31. Bxe4 fxe4 32. Rxe4 Bxf4 33. Rxf4 Rxf4
34. Qxf4 Qxf4 35. gxf4 Bf5 36. Kf2 Be4 37. d6 Bf5 38. Ke3 Kf7 39. a4 Ke6 40.
Ba3 Bc2 41. a5 Ba4 42. Kd4 Bd7 43. Bb4 Bc6 44. Ke3 Bd7 45. Kf3 Kf5 46. Bc3 Bc6+
47. Ke3 Bd7 48. Bd4 bxa5 49. Bxa7 a4 50. Bc5 Be6 51. Kf3 Bd7 52. Ke3 Bc6 53.
Ba3 Bd7 1/2-1/2

[Event "IX American Continental Classical Championship 201"]
[Site "Hotel Pipa AtlÃ¢ntico - Praia da Pipa - Rio Grande"]
[Date "2014.10.22"]
[Round "6"]
[Board "44"]
[White "Caetano, Hugo Zanotti Mendonca"]
[Black "Luz, Arthur Nader"]
[Result "1/2-1/2"]
[WhiteElo "2209"]
[BlackElo "1885"]
[PlyCount "81"]
[EventDate "2014.10.18"]
[EventRounds "11"]
[EventCountry "BRA"]

1. d4 Nf6 2. c4 g6 3. Nc3 Bg7 4. e4 d6 5. f3 O-O 6. Bg5 c5 7. d5 e6 8. Qd2 exd5
9. cxd5 h6 10. Be3 Re8 11. Nge2 Nbd7 12. Ng3 h5 13. Be2 h4 14. Nf1 Nh7 15. g4
Ne5 16. Qc1 a6 17. a4 Bd7 18. Nd2 b5 19. axb5 axb5 20. Nxb5 Rxa1 21. Qxa1 Bxb5
22. Bxb5 Nxf3+ 23. Nxf3 Rxe4 24. Kf2 Rb4 25. Be2 Rxb2 26. Qa6 Nf6 27. h3 Ne4+
28. Kg2 Ng3 29. Re1 Bc3 30. Bc1 Rb6 31. Bg5 Rxa6 32. Bxd8 Ra2 33. Rb1 Nxe2 34.
Bxh4 Nf4+ 35. Kg3 Nxd5 36. Rd1 Nf6 37. Bxf6 Bxf6 38. Rxd6 Be7 39. Rc6 Re2 40.
Kf4 f6 41. h4 1/2-1/2

[Event "IX American Continental Classical Championship 201"]
[Site "Hotel Pipa AtlÃ¢ntico - Praia da Pipa - Rio Grande"]
[Date "2014.10.22"]
[Round "6"]
[Board "45"]
[White "Martins, George Evandro Barret"]
[Black "Bastos, Werton Alvarenga"]
[Result "1/2-1/2"]
[WhiteElo "2276"]
[BlackElo "2071"]
[PlyCount "107"]
[EventDate "2014.10.18"]
[EventRounds "11"]
[EventCountry "BRA"]

1. f4 c5 2. e3 d5 3. Nf3 Nf6 4. d4 g6 5. c3 cxd4 6. exd4 Bg7 7. Bd3 Nc6 8. O-O
O-O 9. Ne5 Nd7 10. Nd2 Ndxe5 11. fxe5 f6 12. exf6 Rxf6 13. Nf3 Bg4 14. Bg5 Bxf3
15. Rxf3 Rxf3 16. Qxf3 Qd7 17. Bb5 a6 18. Ba4 Rf8 19. Qe2 Nxd4 20. Bxd7 Nxe2+
21. Kh1 d4 22. Bxe7 Rb8 23. cxd4 Nxd4 24. Rc1 b6 25. Rc8+ Rxc8 26. Bxc8 Nc6 27.
Bd6 Bxb2 28. Bxa6 Bd4 29. Bc4+ Kg7 30. Bd5 Ne5 31. h3 Kf6 32. g3 h6 33. Kg2 h5
34. Kf1 Nf7 35. Bc7 Ng5 36. Bg2 Ne6 37. Bb8 g5 38. Bc6 h4 39. gxh4 gxh4 40. Ba7
Ke5 41. Bb8+ Kf6 42. Bd6 Be5 43. Bb4 Bg3 44. Bd2 Nf4 45. Be3 Nxh3 46. Bxb6 Ke6
47. a4 Nf4 48. Bf3 Nd5 49. Bc5 Bc7 50. Bg4+ Ke5 51. Bf2 Bd6 52. Kg2 Nf4+ 53.
Kf3 Nd3 54. Bg1 1/2-1/2

[Event "IX American Continental Classical Championship 201"]
[Site "Hotel Pipa AtlÃ¢ntico - Praia da Pipa - Rio Grande"]
[Date "2014.10.22"]
[Round "6"]
[Board "46"]
[White "Magas Varas, Rodrigo"]
[Black "Terao, Juliana Sayumi"]
[Result "1/2-1/2"]
[WhiteElo "2041"]
[BlackElo "2229"]
[PlyCount "95"]
[EventDate "2014.10.18"]
[EventRounds "11"]
[EventCountry "BRA"]

1. e4 c5 2. Nf3 e6 3. b3 b6 4. Bb2 Bb7 5. Bd3 Nc6 6. a3 a6 7. c4 d6 8. O-O Nf6
9. Bc2 e5 10. Nc3 g6 11. Nd5 Bg7 12. b4 O-O 13. bxc5 bxc5 14. Bc3 Nxd5 15. cxd5
Ne7 16. d3 h6 17. Rb1 Bc8 18. Nd2 g5 19. Nc4 Ng6 20. Ba5 Qe7 21. Rb6 Rd8 22.
Ba4 Bf8 23. Bc6 Ra7 24. Rb8 Nf4 25. Bxd8 Qxd8 26. Nb6 Qc7 27. Nxc8 Qxb8 28.
Nxa7 Qxa7 29. g3 Ng6 30. Qb3 Qc7 31. Rc1 h5 32. Qd1 h4 33. Qg4 Be7 34. Rb1 Qa5
35. a4 Qc3 36. Rd1 Qc2 37. Kf1 Kg7 38. Qe2 Qb3 39. Rd2 Qb4 40. Rd1 Qb3 41. Rc1
Bd8 42. Qc2 Qb8 43. Rb1 Qc8 44. Kg2 Qg4 45. Qd1 Nf4+ 46. Kg1 Ne2+ 47. Kg2 Nf4+
48. Kg1 1/2-1/2

[Event "IX American Continental Classical Championship 201"]
[Site "Hotel Pipa AtlÃ¢ntico - Praia da Pipa - Rio Grande"]
[Date "2014.10.22"]
[Round "6"]
[Board "47"]
[White "Pinto, Rafael Henrique"]
[Black "Herman, Diego"]
[Result "0-1"]
[WhiteElo "2042"]
[BlackElo "2198"]
[PlyCount "94"]
[EventDate "2014.10.18"]
[EventRounds "11"]
[EventCountry "BRA"]

1. d4 e6 2. c4 b6 3. e4 Bb7 4. Bd3 Bb4+ 5. Nc3 f5 6. Qh5+ g6 7. Qe2 Nf6 8. Bg5
h6 9. Bxf6 Qxf6 10. Nf3 O-O 11. e5 Qg7 12. a3 Bxc3+ 13. bxc3 c5 14. dxc5 Na6
15. cxb6 Bxf3 16. gxf3 Nc5 17. Bc2 axb6 18. O-O Ra6 19. Ra2 Qe7 20. f4 Qh4 21.
Qf3 Kf7 22. Qg3 Qe7 23. Qh3 Rh8 24. Kh1 Qd8 25. Rg1 Qa8+ 26. Qg2 Qxg2+ 27. Kxg2
Rha8 28. a4 Nxa4 29. Rga1 Nc5 30. Rxa6 Rxa6 31. Rxa6 Nxa6 32. h4 Ke7 33. Kf3 d6
34. Ke3 dxe5 35. fxe5 g5 36. hxg5 hxg5 37. Ba4 Nc5 38. Bc6 Kf7 39. f3 f4+ 40.
Kd4 Nb3+ 41. Kd3 Kg6 42. c5 Nxc5+ 43. Kc4 Kf5 44. Kb5 Kxe5 45. Kxb6 Kd6 46. c4
e5 47. Kb5 g4 0-1

[Event "IX American Continental Classical Championship 201"]
[Site "Hotel Pipa AtlÃ¢ntico - Praia da Pipa - Rio Grande"]
[Date "2014.10.22"]
[Round "6"]
[Board "48"]
[White "Barata, Adriano Albiani"]
[Black "Moyses Sobrinho, Elias"]
[Result "1-0"]
[WhiteElo "2171"]
[BlackElo "1915"]
[PlyCount "73"]
[EventDate "2014.10.18"]
[EventRounds "11"]
[EventCountry "BRA"]

1. e4 e6 2. d4 d5 3. Nc3 dxe4 4. Nxe4 Nf6 5. Nxf6+ Qxf6 6. Nf3 h6 7. Bd3 Bd6 8.
O-O O-O 9. Qe2 Qd8 10. Ne5 Qh4 11. f4 Nd7 12. Nxd7 Bxd7 13. Qe4 f5 14. Qxb7
Rab8 15. Qf3 Rb6 16. c4 c5 17. Be3 Bc6 18. Qf2 Qxf2+ 19. Rxf2 cxd4 20. Bxd4 Rb7
21. c5 Be7 22. Bc4 Bd5 23. Bxd5 exd5 24. Rc2 Bf6 25. Bxf6 Rxf6 26. Rd1 Rd7 27.
b4 a6 28. a4 d4 29. c6 Rc7 30. b5 axb5 31. axb5 Rd6 32. Rc4 d3 33. Rc3 d2 34.
Rc2 Kf7 35. Rdxd2 Rxd2 36. Rxd2 Ke6 37. Kf2 1-0